Tendencie vývoja vybraných ekonomických charakteristík v roku 2006

Definovanie podnikateľského prostredia a jeho základné zložky. Vzájomné vzťahy v podnikateľskom modeli.

Gespeichert in:
Bibliographische Detailangaben
1. Verfasser: Strážovská, Helena
Weitere Verfasser: Strážovská, Ľubomíra
Format: Buchkapitel
Sprache:Slowakisch
Schlagworte:
Tags: Tag hinzufügen
Keine Tags, Fügen Sie das erste Tag hinzu!

MARC

LEADER 00000naa$a2200000$$$4500
001 0056030
005 20231005085934.3
041 0 |a slo 
044 |a SK 
245 1 0 |a Tendencie vývoja vybraných ekonomických charakteristík v roku 2006  |c Helena Strážovská, Ľubomíra Strážovská 
520 |a Definovanie podnikateľského prostredia a jeho základné zložky. Vzájomné vzťahy v podnikateľskom modeli. 
610 2 0 |a ukazovatele ekonomické 
610 2 0 |a prostredie podnikateľské 
610 2 0 |a podnik 
610 2 0 |a Slovensko 
610 2 0 |a osoby právnické 
610 2 0 |a osoby fyzické 
100 1 |a Strážovská, Helena 
700 1 |a Strážovská, Ľubomíra